Normal view
MARC view
- Hanna, J. Ray
Entry Personal Name
001 - CONTROL NUMBER
- control field: 103283
003 - CONTROL NUMBER IDENTIFIER
- control field: NUST
005 - DATE AND TIME OF LATEST TRANSACTION
- control field: 20221121140525.0
008 - FIXED-LENGTH DATA ELEMENTS
- fixed length control field: 221121|| aca||aabn | a|a d
040 ## - CATALOGING SOURCE
- Original cataloging agency: NUST
- Transcribing agency: NUST
100 ## - HEADING--PERSONAL NAME
- Personal name: Hanna, J. Ray
670 ## - SOURCE DATA FOUND
- Source citation: Work cat.: (NUST)181865: Hanna, J. Ray., Fourier series, transforms, and boundary value problems /, c1990.
